<The> European internal market for telecommunications.
Doposiaľ existujúce pravidlo ochrany trhu telekomunikácií pred konkurenciou (výnimku v rámci OECD tvoria Veľká Británia, USA, Kanada a Japonsko). Návrh Komisie ES na zmeny v organizácii trhu telekomunikácií v rámci ES. Možnosť zvýšenia podielu krajín ES na svetovej produkcii a obchode telekomunikačn...
Guardado en:
| Autor principal: | |
|---|---|
| Formato: | Capítulo de libro |
| Lenguaje: | inglés |
| Materias: | |
| Etiquetas: |
Sin Etiquetas, Sea el primero en etiquetar este registro!
|
MARC
| LEADER | 00000naa a2200000 4500 | ||
|---|---|---|---|
| 001 | r004621 | ||
| 005 | 20221130103110.7 | ||
| 041 | 0 | |a eng | |
| 044 | |a NL | ||
| 245 | 1 | 0 | |a <The> European internal market for telecommunications. |c J. Müller |
| 520 | |a Doposiaľ existujúce pravidlo ochrany trhu telekomunikácií pred konkurenciou (výnimku v rámci OECD tvoria Veľká Británia, USA, Kanada a Japonsko). Návrh Komisie ES na zmeny v organizácii trhu telekomunikácií v rámci ES. Možnosť zvýšenia podielu krajín ES na svetovej produkcii a obchode telekomunikačných zariadení. Telefónne poplatky v krajinách ES - porovnanie štruktúry a úrovne taríf. | ||
| 610 | 2 | 0 | |a trh |
| 610 | 2 | 0 | |a Európske spoločenstvá |
| 610 | 2 | 0 | |a telekomunikácie |
| 610 | 2 | 0 | |a konkurencia |
| 610 | 2 | 0 | |a poplatky |
| 610 | 2 | 0 | |a telefón |
| 100 | 1 | |a Müller, J. | |